000 00528nam a2200169 i 4500
001 97166
003 ES-MaACL
005 20230906182043.0
007 t|
008 050707s1960 sp ||||1| spa d
100 1 _aManzanares Rodríguez, Joaquín.
_976204
245 1 0 _aItinerario monumental de Oviedo... /
_cJoaquín Manzanares Rodríguez.
250 _a[2ª ed.].
260 _aOviedo :
_bTip. "La Cruz",
_c1960.
300 _aVIII, 121 p., lám. I-XVIII :
_b1 map. pleg. ;
_c24 cm.
852 _aES-MaACL
_jC-19628
_bR.47136
999 _c97166
_d97166